Stolice Europy - Nagła Śmierć - Statystyki

Ogólne statystyki
  • Ten quiz został rozwiązany 133 razy
    132 od ostatniego zresetowania
  • Średni wynik to 14 z 16
Answers on the Grid
Answers color-coded by a green-red scale on the quiz's grid according to % correct below.
Sarajewo
Skopje
Rabat
Oslo
Kiszyniów
Bruksela
Warszawa
Tirana
Erywań
Sofia
Gitega
Podgorica
Asmara
Helsinki
Manila
Bejrut
Prisztina
Vaduz
Valletta
Lublana
Dakar
Berno
Chartum
Taszkent
Kampala
Lusaka
Bamako
Belgrad
 
Statystyki odpowiedzi
Odpowiedź % Poprawnych
Bruksela
96%
Helsinki
96%
Oslo
94%
Warszawa
94%
Kiszyniów
92%
Sarajewo
92%
Sofia
92%
Tirana
92%
Belgrad
90%
Lublana
88%
Skopje
88%
Berno
86%
Vaduz
84%
Valletta
84%
Podgorica
82%
Prisztina
80%
Nie znaleziono quizów pasujących do podanych kryteriów
Rozkład punktacji
Procent ludzi z każdym wynikiem
Percentyl według liczby udzielonych odpowiedzi
Twoja historia wyników
Nie rozwiązałeś tego quizu od ostatniego zresetowania